[Event "Mittelrhein Verbandsliga-M 16/17"]
[Site "Nordrheinwestfalen"]
[Date "2017.02.19"]
[Round "8.8"]
[White "Happ, Manfred"]
[Black "Brochhagen, Thomas"]
[Result "0-1"]
[WhiteElo "1416"]
[BlackElo "1914"]
[PlyCount "61"]
[EventDate "2016.09.11"]
[EventType "team-tourn"]
[EventRounds "11"]
[EventCountry "GER"]
[SourceTitle "EXT 2022"]
[Source "ChessBase"]
[SourceDate "2021.10.06"]
[SourceVersion "1"]
[SourceVersionDate "2021.10.06"]
[SourceQuality "1"]
[WhiteTeam "Hitdorf SV Springer"]
[BlackTeam "Langenfeld II"]
[WhiteTeamCountry "GER"]
[BlackTeamCountry "GER"]

1. c4 e6 2. Nc3 d5 3. cxd5 exd5 4. d4 Nf6 5. Nf3 c6 6. Bg5 Bf5 7. Qb3 Qb6 8. Qxb6 axb6 9. Bxf6 gxf6 10. a3 b5 11. Ra2 Nd7 12. Nh4 Bc2 13. e3 Bb3 14. Ra1 b4 15. Nb1 Bc2 16. Be2 Bxb1 17. Rxb1 bxa3 18. bxa3 b5 19. 0-0 Bxa3 20. Nf5 0-0 21. Ne7+ Bxe7 22. Rfc1 Ra6 23. g3 Rfa8 24. Bg4 Nf8 25. h4 Ne6 26. Bf5 b4 27. Kg2 Rb6 28. Ra1 Rxa1 29. Rxa1 b3 30. Ra8+ Bf8 31. h5 0-1